Statistiques concernant Mers du monde - Pays frontaliers

Cliquez ici pour prendre le quiz!

Statistiques générales

  • Ce quiz a été pris 144 fois
  • Le résultat moyen est 10 sur 15

Statistiques - réponses

MerPays% Correct
Mer NoireUkraine, Russie, Turquie, Bulgarie, Roumanie, Géorgie
93%
Mer RougeSoudan, Égypte, Yémen, Arabie Saoudite, Jordanie, Érythrée, Djibouti
89%
Mer CaspienneIran, Kazakhstan, Russie,Turkménistan, Azerbaïdjan
86%
Mer de CorailAustralie, Papouasie-Nouvelle-Guinée, îles Salomon, Vanuatu
83%
Mer de BéringRussie, États-Unis (Alaska)
82%
Mer IonienneGrèce, Italie, Albanie
78%
Mer JauneChine, Corée du Nord, Corée du Sud
77%
Mer d’OkhotskRussie, Japon
76%
Mer TyrrhénienneItalie, France (Corse)
68%
Mer de BarentsNorvège, Russie
59%
Mer de BeaufortCanada, États-Unis (Alaska)
58%
Mer de BaffinCanada, Danemark (Groenland)
53%
Mer de MarmaraTurquie
51%
Mer des HébridesRoyaume-Uni
39%
Mer de FlorèsIndonésie
37%

Distribution des résultats

Percentile par nombre de réponses

% des personnes avec chaque résultat

Votre développement - résultats

Vous n’avez pas pris ce quiz